00667nam a22001937i 45000010005000000030004000050050017000090070003000260080041000290240014000700400008000842450032000922600013001244900032001376510012001691100039001818660034002208660219002547826OSt20170126082404.0tu161220s xxu||||| |||| 00| 0 d7 a78262RID cOSt00aStatistical Report, Hungary aHungary. aStatistical Report, Hungary aHungary2 aHungary Central Statistical Office 0u1999/1-2007 (unvollständig) 0u


vorhanden:
1999/ Nr.6 und Nr.12
2000/ Nr.6 und Nr.12
2001/ Nr.6 und Nr.12
2002/ Nr.6 und Nr.12
2003/ Nr.6 und Nr.12
2004/ internet
2005/ internet
2006/ internet
2007/ internet